Rubber and timber yield in some promising Prang Besar clones introduced to India (Record no. 67455)

MARC details
000 -LEADER
fixed length control field 00528nam a2200157Ia 4500
100 ## - MAIN ENTRY--AUTHOR NAME
Personal name Mydin K K
245 #0 - TITLE STATEMENT
Title Rubber and timber yield in some promising Prang Besar clones introduced to India
260 ## - PUBLICATION, DISTRIBUTION, ETC. (IMPRINT)
Name of publisher IRRDB-RRII Workshop on Multilateral Clone Exchange, 4-6 June 2014, Rubber Research Institute of India, Kottayam, India.
650 ## - SUBJECT ADDED ENTRY--TOPICAL TERM
Topical Term Prang Besar clones
650 ## - SUBJECT ADDED ENTRY--TOPICAL TERM
Topical Term Timber yield
700 ## - ADDED ENTRY--PERSONAL NAME
Personal name John A
700 ## - ADDED ENTRY--PERSONAL NAME
Personal name Narayanan C
856 ## - ELECTRONIC LOCATION AND ACCESS
Uniform Resource Identifier No article
942 ## - ADDED ENTRY ELEMENTS (KOHA)
Koha item type Journals
Holdings
Withdrawn status Lost status Damaged status Not for loan Home library Current library Shelving location Date acquired Koha item type
      Journals RRII Library RRII Library Botany 17/12/2021 Journals